Jak na to aneb nejpoužívanější operace s texty v editoru T602 /
Gespeichert in:
| 1. Verfasser: | |
|---|---|
| Format: | Buch |
| Sprache: | Tschechisch |
| Veröffentlicht: |
Pardubice :
SYSTEMCONSULT,
1993
|
| Schriftenreihe: | Edice: Chci pracovat s počítačem
|
| Tags: |
Keine Tags, Fügen Sie das erste Tag hinzu!
|
MARC
| LEADER | 00000nam a22000003a 4500 | ||
|---|---|---|---|
| 001 | stu22300 | ||
| 005 | 20150617225747.1 | ||
| 008 | 940302s1993----cs------------------cze-d | ||
| 040 | |a STU |b slo | ||
| 041 | 0 | |a cze | |
| 044 | |a cs | ||
| 080 | |a 681.3.06 | ||
| 100 | 1 | |a Kořínek, Martin |4 aut | |
| 245 | 1 | |a Jak na to aneb nejpoužívanější operace s texty v editoru T602 / |c [aut.]Kořínek,Martin | |
| 260 | |a Pardubice : |b SYSTEMCONSULT, |c 1993 | ||
| 300 | |a 47 s : |b Tabuľky | ||
| 830 | 0 | |a Edice: Chci pracovat s počítačem | |
| 996 | |b CB1886 |c C*B1886 |l CCXXV |s P |a 0 |w stu22300_0001 | ||